| 000 | 00568nam a2200205Ia 4500 | ||
|---|---|---|---|
| 005 | 20250923145058.0 | ||
| 008 | 008 250917s9999 xx 000 0 eng d | ||
| 037 | _aTextual | ||
| 040 |
_aDSWL _beng _cDSWL |
||
| 041 |
_aeng _2eng |
||
| 084 |
_aSobX8, N55 _qDSWL |
||
| 100 |
_aMaier, N.R.F. _9831569 |
||
| 245 | 0 |
_aPsychology in Industry _cby N.R.F. Maier |
|
| 260 |
_aBoston _bHoughtdnt Miflin Co. _c1955 |
||
| 300 | _axii,648p. | ||
| 365 |
_aUSD _b4.9 |
||
| 925 | _g4.9 | ||
| 942 |
_cTEXL _hSobX8, N55 |
||
| 999 |
_c1446837 _d1446837 |
||